| 000 | 00708nam a22002177a 4500 | ||
|---|---|---|---|
| 003 | NUST-PNEC | ||
| 005 | 20170116180746.0 | ||
| 008 | 150210b xxu||||| |||| 00| 0 eng d | ||
| 020 | _a9780170132800 | ||
| 040 | _cPNEC | ||
| 082 | _a302.35 WAD | ||
| 100 |
_91324 _a Waddell Dianne |
||
| 245 |
_aOrganisation Development & Change _bDianne Waddell |
||
| 250 | _a 3rd edition | ||
| 260 |
_aAustralia _b Asia Pacific _cc.2007 |
||
| 300 |
_axx,486 p.: _bil.; _c26cm |
||
| 500 | _aincludes index | ||
| 650 | _xGeneral | ||
| 856 | _uhttp://www.amazon.com/Organisation-Development-Change-Dianne-Waddell/dp/0170132803/ref=sr_1_1?s=books&ie=UTF8&qid=1423554195&sr=1-1&keywords=9780170132800 | ||
| 942 |
_2ddc _cBK |
||
| 999 |
_c62386 _d62386 |
||